[Event "20th European Teams"]
[Site "Reykjavik ISL"]
[Date "2015.11.13"]
[Round "1.15"]
[Board "1"]
[White "Kveinys, Aloyzas"]
[Black "Ivanisevic, Ivan"]
[Result "1-0"]
[WhiteTitle "GM"]
[BlackTitle "GM"]
[WhiteElo "2510"]
[BlackElo "2662"]
[WhiteTeam "Lithuania"]
[BlackTeam "Serbia"]
[WhiteFideId "12800040"]
[BlackFideId "912417"]
[EventDate "2015.11.13"]

1. Nf3 d5 2. d4 Bf5 3. Bg5 f6 4. Bf4 Nc6 5. e3 e6 6. Nh4 Be4 7. f3 Bg6 8. Nxg6
hxg6 9. c4 e5 10. cxd5 Qxd5 11. Nc3 Bb4 12. dxe5 Qc5 13. Qd3 g5 14. exf6 Nxf6
15. Bxc7 Rc8 16. Bg3 Ke7 17. Rc1 a6 18. Be2 Rhd8 19. Qc2 Qxe3 20. Bf2 Qe5 21.
O-O Nd4 22. Bxd4 Qxd4+ 23. Kh1 Rh8 24. g3 Bd6 25. f4 gxf4 26. Qg6 Rcg8 27. Rcd1
Qb6 28. Bc4 fxg3 29. Rfe1+ Kd8 30. Qxg3 Qc6+ 31. Kg1 Qc5+ 32. Re3 Kc8 33. Be6+
Kc7 34. Rxd6 Qxd6 35. Nb5+ 1-0

[Event "20th European Teams"]
[Site "Reykjavik ISL"]
[Date "2015.11.13"]
[Round "1.15"]
[Board "2"]
[White "Perunovic, Milos"]
[Black "Laurusas, Tomas"]
[Result "0-1"]
[WhiteTitle "GM"]
[BlackTitle "IM"]
[WhiteElo "2624"]
[BlackElo "2435"]
[WhiteTeam "Serbia"]
[BlackTeam "Lithuania"]
[WhiteFideId "921629"]
[BlackFideId "12803731"]
[EventDate "2015.11.13"]

1. e4 e5 2. Nf3 Nf6 3. Nxe5 d6 4. Nf3 Nxe4 5. d4 Be7 6. Bd3 Ng5 7. Bxg5 Bxg5 8.
Qe2+ Be7 9. Nc3 O-O 10. O-O-O Re8 11. Kb1 Nd7 12. g4 Nf6 13. h3 c6 14. Qd2 Bd7
15. Ne2 Bf8 16. Ng3 b5 17. Ng5 g6 18. f4 Nd5 19. N5e4 Qh4 20. f5 Bg7 21. Qf2 c5
22. dxc5 dxc5 23. Qxc5 Re5 24. Rhf1 Rc8 25. Qxa7 Rc7 26. Qf2 Qd8 27. f6 Bf8 28.
Qd4 Qe8 29. c3 Bc6 30. Bc2 Rd7 31. Qf2 Rb7 32. Rfe1 b4 33. c4 Nc3+ 34. Nxc3 bxc3
35. b3 Rb8 36. Ne2 Bc5 37. Qf1 Ra8 38. Nxc3 Bb4 39. Rxe5 Qxe5 40. Nd5 Ba3 0-1

[Event "20th European Teams"]
[Site "Reykjavik ISL"]
[Date "2015.11.13"]
[Round "1.15"]
[Board "3"]
[White "Beinoras, Mindaugas"]
[Black "Markus, Robert"]
[Result "0-1"]
[WhiteTitle "IM"]
[BlackTitle "GM"]
[WhiteElo "2340"]
[BlackElo "2632"]
[WhiteTeam "Lithuania"]
[BlackTeam "Serbia"]
[WhiteFideId "12802085"]
[BlackFideId "921637"]
[EventDate "2015.11.13"]

1. d4 Nf6 2. Bg5 c6 3. Nf3 Qb6 4. Qc1 Ne4 5. Bf4 d6 6. e3 g5 7. Bg3 Nd7 8. Bd3
Ndf6 9. Nbd2 Nxg3 10. hxg3 g4 11. Ng1 c5 12. Ne2 Bd7 13. c3 Bc6 14. e4 cxd4 15.
Nxd4 Bd7 16. Qc2 h5 17. Qb3 Bh6 18. Qxb6 Bxd2+ 19. Kxd2 axb6 20. a3 Ra5 21. Rae1
Rg5 22. c4 e6 23. Ne2 b5 24. cxb5 Bxb5 25. Nd4 Bxd3 26. Kxd3 d5 27. exd5 Rxd5
28. Ke3 Ke7 29. f4 Rhd8 30. Rd1 Ne8 31. Rd2 Nd6 32. b3 f6 33. Rhd1 e5 34. fxe5
fxe5 35. Nf3 Nf5+ 36. Kf2 Rxd2+ 37. Nxd2 Rd3 38. Ke2 Rxg3 39. Kf2 Rd3 40. Ke2
Re3+ 41. Kf2 Rd3 42. Ke2 e4 43. Rb1 Ke6 44. a4 Nd4+ 45. Ke1 Ke5 46. b4 Rc3 47.
b5 e3 48. Nf1 e2 0-1

[Event "20th European Teams"]
[Site "Reykjavik ISL"]
[Date "2015.11.13"]
[Round "1.15"]
[Board "4"]
[White "Antic, Dejan"]
[Black "Vedrickas, Tautvydas"]
[Result "1-0"]
[WhiteTitle "GM"]
[BlackTitle "FM"]
[WhiteElo "2483"]
[BlackElo "2320"]
[WhiteTeam "Serbia"]
[BlackTeam "Lithuania"]
[WhiteFideId "901008"]
[BlackFideId "12802654"]
[EventDate "2015.11.13"]

1. d4 d6 2. c4 g6 3. Nc3 Bg7 4. Nf3 e5 5. e4 exd4 6. Nxd4 Nc6 7. Be3 Nge7 8. Be2
O-O 9. O-O f5 10. Nxc6 bxc6 11. Bf3 f4 12. Bd4 Bxd4 13. Qxd4 c5 14. Qd1 Rb8 15.
b3 Kg7 16. e5 Nf5 17. exd6 cxd6 18. Ne2 Nh4 19. Nc3 Nf5 20. Be4 Nd4 21. Ne2 Ne6
22. f3 Rb6 23. Qd2 Qf6 24. Rad1 Ra6 25. Bd5 Ng5 26. Rfe1 h5 27. Nc3 h4 28. Ne4
Nxe4 29. Rxe4 Bf5 30. Re2 h3 31. Qxf4 hxg2 32. Rde1 Qd4+ 33. Qxd4+ cxd4 34. Kxg2
Kf6 35. Rd2 Rh8 36. Ree2 Rh4 37. Re8 Ra3 38. Rf8+ Kg5 39. Rd8 Bb1 40. Rxd6 Rxa2
41. Rxa2 Bxa2 42. Be4 Kf4 43. Rxd4 Ke3 44. Rd3+ Ke2 45. Rc3 1-0

[Event "20th European Teams"]
[Site "Reykjavik ISL"]
[Date "2015.11.13"]
[Round "1.16"]
[Board "1"]
[White "Saric, Ivan"]
[Black "Ziska, Helgi Dam"]
[Result "1-0"]
[WhiteTitle "GM"]
[BlackTitle "IM"]
[WhiteElo "2652"]
[BlackElo "2523"]
[WhiteTeam "Croatia"]
[BlackTeam "Faroe Islands"]
[WhiteFideId "14508150"]
[BlackFideId "7200595"]
[EventDate "2015.11.13"]

1. c4 g6 2. Nc3 Bg7 3. g3 d6 4. Bg2 c5 5. Nf3 Nc6 6. O-O e5 7. a3 a5 8. Ne1 Be6
9. d3 Nge7 10. Nc2 d5 11. cxd5 Nxd5 12. Ne3 Nde7 13. Nc4 O-O 14. Bg5 f6 15. Be3
b6 16. Qa4 Qc7 17. f4 Rab8 18. fxe5 fxe5 19. Rxf8+ Bxf8 20. Bg5 Bg7 21. Rf1 h6
22. Bf6 Nd4 23. e3 Ndc6 24. Be4 Rf8 25. Bxe7 Nxe7 26. Rxf8+ Kxf8 27. Qb5 Bxc4
28. Qxc4 Qd6 29. Qa6 h5 30. Qa8+ Kf7 31. Kf2 Bh6 32. Ke2 Qd7 33. Nd5 Nxd5 34.
Bxd5+ Ke7 35. Be4 Qg4+ 36. Kd2 Qg5 37. Kc2 Qf6 38. Bc6 Qf2+ 39. Kb3 Qxe3 40.
Qe8+ Kf6 41. Be4 c4+ 42. Ka2 cxd3 43. Qd8+ 1-0

[Event "20th European Teams"]
[Site "Reykjavik ISL"]
[Date "2015.11.13"]
[Round "1.16"]
[Board "2"]
[White "Rodgaard, John"]
[Black "Palac, Mladen"]
[Result "1/2-1/2"]
[WhiteTitle "IM"]
[BlackTitle "GM"]
[WhiteElo "2350"]
[BlackElo "2577"]
[WhiteTeam "Faroe Islands"]
[BlackTeam "Croatia"]
[WhiteFideId "7200013"]
[BlackFideId "14500116"]
[EventDate "2015.11.13"]

1. Nf3 Nf6 2. c4 e6 3. d4 b6 4. g3 Ba6 5. Qa4 Bb7 6. Bg2 c5 7. dxc5 bxc5 8. Nc3
Be7 9. O-O O-O 10. Rd1 Qb6 11. Bf4 Rd8 12. Rab1 a5 13. Qb5 Qa7 14. Bc7 Rc8 15.
Bd6 Bxd6 16. Rxd6 Bc6 17. Qb3 Qc7 18. Rbd1 Ra6 19. R6d2 d5 20. cxd5 exd5 21. Ne1
a4 22. Qc2 d4 23. Ne4 Nxe4 24. Bxe4 Bxe4 25. Qxe4 g6 26. Rc1 Rc6 27. Rdc2 Nd7
28. Nd3 Qd6 29. b3 axb3 30. axb3 Kg7 31. e3 dxe3 32. Qxe3 Qd5 33. Nf4 Qe5 34.
Nd3 Qd5 35. Nf4 Qe5 36. Nd3 Qd5 1/2-1/2

[Event "20th European Teams"]
[Site "Reykjavik ISL"]
[Date "2015.11.13"]
[Round "1.16"]
[Board "3"]
[White "Kozul, Zdenko"]
[Black "Nielsen, Hogni Egilstoft"]
[Result "1-0"]
[WhiteTitle "GM"]
[BlackTitle "FM"]
[WhiteElo "2617"]
[BlackElo "2300"]
[WhiteTeam "Croatia"]
[BlackTeam "Faroe Islands"]
[WhiteFideId "14502879"]
[BlackFideId "7200404"]
[EventDate "2015.11.13"]

1. d4 Nf6 2. Nf3 g6 3. c4 Bg7 4. Nc3 O-O 5. Bf4 d6 6. h3 Nbd7 7. e3 c6 8. Be2
Qa5 9. O-O e5 10. Bh2 Ne8 11. a3 Qc7 12. b4 h6 13. c5 dxc5 14. bxc5 Qa5 15. Ne4
exd4 16. exd4 Ndf6 17. Nxf6+ Nxf6 18. Bc4 Nd5 19. Bxd5 cxd5 20. Qb3 b6 21. c6
Ba6 22. Rfe1 Bc4 23. Qe3 Qa4 24. c7 Rfe8 25. Qc3 Qd7 26. Ne5 Qxc7 27. Nxg6 Qd7
28. Ne5 Bxe5 29. Bxe5 Qf5 30. Re3 Re6 31. Rf3 Qh5 32. Re1 Rg6 33. Bf6 Kh7 34.
Re7 Rf8 35. g4 Rgg8 36. Qe3 Qg6 37. Be5 a6 38. Kh2 h5 39. Rf6 Qg5 40. Rexf7+
Rxf7 41. Rxf7+ Kg6 42. Qxg5+ Kxg5 43. f4+ Kg6 44. Rf6+ Kh7 45. g5 1-0

[Event "20th European Teams"]
[Site "Reykjavik ISL"]
[Date "2015.11.13"]
[Round "1.16"]
[Board "4"]
[White "Nielsen, Rogvi Egilstoft"]
[Black "Brkic, Ante"]
[Result "1/2-1/2"]
[WhiteTitle "FM"]
[BlackTitle "GM"]
[WhiteElo "2275"]
[BlackElo "2599"]
[WhiteTeam "Faroe Islands"]
[BlackTeam "Croatia"]
[WhiteFideId "7200447"]
[BlackFideId "14506688"]
[EventDate "2015.11.13"]

1. e4 e5 2. Nf3 Nc6 3. Bb5 a6 4. Ba4 Nf6 5. Qe2 b5 6. Bb3 Be7 7. O-O O-O 8. c3
d5 9. d3 Bb7 10. Rd1 h6 11. Nbd2 Re8 12. Nf1 Bf8 13. Ne3 Na5 14. Bc2 c5 15. Nf5
Qc7 16. N3h4 Rad8 17. Re1 c4 18. Ng3 cxd3 19. Bxd3 dxe4 20. Nxe4 Nxe4 21. Bxe4
Bxe4 22. Qxe4 Qc4 23. Qxc4 Nxc4 24. Nf5 Bc5 25. Kf1 e4 26. b3 Nb6 27. Ng3 Re6
28. Rxe4 Rc6 29. Nf5 Nd5 30. Bb2 Rf6 31. Nd4 Nf4 32. Rd1 g5 33. Rd2 Rfd6 34. Re1
b4 35. Red1 bxc3 36. Bxc3 Nd5 37. Nf5 Nxc3 38. Rxd6 Rxd6 39. Rxd6 Bxd6 40. Nxd6
Nxa2 41. Ne4 Kf8 42. Ke1 Nc1 43. Nc5 Ke7 44. b4 Kd6 45. Kd2 Na2 46. Nxa6 Kc6 47.
Kd3 Kb5 48. Nc7+ Kc6 49. Na6 Kb5 50. Nc7+ Kc6 51. Ne8 Nxb4+ 52. Ke4 Kd7 53. Ng7
Ke7 54. Nf5+ Ke6 55. Nxh6 Nd5 56. g4 Nc3+ 57. Kd4 Nb5+ 58. Ke3 Nc3 59. Nf5 Ke5
60. h4 Nd5+ 61. Kf3 gxh4 62. Nxh4 Nf4 63. Nf5 Ne6 64. Ne3 Ng5+ 65. Kg3 Ne4+ 66.
Kf3 Ng5+ 67. Kg3 Ne4+ 68. Kf3 1/2-1/2

[Event "20th European Teams"]
[Site "Reykjavik ISL"]
[Date "2015.11.13"]
[Round "1.17"]
[Board "1"]
[White "Mannion, Stephen R"]
[Black "Jobava, Baadur"]
[Result "0-1"]
[WhiteTitle "IM"]
[BlackTitle "GM"]
[WhiteElo "2342"]
[BlackElo "2668"]
[WhiteTeam "Scotland"]
[BlackTeam "Georgia"]
[WhiteFideId "2400111"]
[BlackFideId "13601520"]
[EventDate "2015.11.13"]

1. e4 c5 2. Nf3 Nc6 3. d4 cxd4 4. Nxd4 e5 5. Nb5 d6 6. c4 g6 7. N1c3 a6 8. Na3
Bg7 9. Bd3 Nf6 10. O-O Be6 11. Kh1 Rc8 12. Nd5 Nd7 13. Be3 O-O 14. Qd2 f5 15.
Bg5 Qe8 16. Rae1 f4 17. f3 h6 18. Bh4 g5 19. Bf2 h5 20. b4 Ne7 21. Bc2 g4 22.
Nxe7+ Qxe7 23. Rd1 Qg5 24. Bb3 Rf6 25. c5 Kh7 26. Bxe6 Rxe6 27. Nc4 Rg6 28. Rg1
Bf8 29. Nxd6 Bxd6 30. cxd6 Rc6 31. a4 Qf6 32. b5 Rxd6 33. Qe2 Rg7 34. Bh4 Qe6
35. Rxd6 Qxd6 36. bxa6 bxa6 37. Rd1 Qe6 38. Bd8 Nf8 39. a5 Ng6 40. Qf2 Rd7 41.
Qe2 Kh6 42. Bb6 Rxd1+ 43. Qxd1 Qc8 44. Kg1 Kg7 45. Kf2 Nh8 46. Qd3 Nf7 47. Ke2
Ng5 48. Bf2 Qc6 49. Bh4 Ne6 50. Bf2 Kf6 51. Bb6 Ke7 52. Qa3+ Qd6 53. Qc3 Kd7 54.
Qc4 Qc6 55. Qd3+ Ke7 56. Qa3+ Kf7 57. Qd3 Kg6 58. Qb3 h4 59. h3 gxf3+ 60. gxf3
Kh5 61. Qd3 Ng5 62. Kd2 Qc8 63. Bd8 Nf7 64. Bb6 Ng5 65. Bd8 Qxh3 66. Bxg5 Qg2+
67. Kc3 h3 68. Bxf4 exf4 69. e5 Qg6 70. Qd7 Kh4 71. e6 h2 72. Qf7 Kg5 73. Kd4 0-1

[Event "20th European Teams"]
[Site "Reykjavik ISL"]
[Date "2015.11.13"]
[Round "1.17"]
[Board "2"]
[White "Mchedlishvili, Mikheil"]
[Black "Tate, Alan"]
[Result "1-0"]
[WhiteTitle "GM"]
[BlackTitle "FM"]
[WhiteElo "2618"]
[BlackElo "2337"]
[WhiteTeam "Georgia"]
[BlackTeam "Scotland"]
[WhiteFideId "13600966"]
[BlackFideId "2401878"]
[EventDate "2015.11.13"]

1. d4 d5 2. c4 c6 3. Nf3 Nf6 4. e3 e6 5. Bd3 dxc4 6. Bxc4 Bd6 7. O-O Nbd7 8. Nc3
b5 9. Bd3 O-O 10. a3 Bb7 11. Bd2 a5 12. Rc1 Rc8 13. Ne2 b4 14. axb4 axb4 15. e4
c5 16. e5 Bxf3 17. exd6 Bxe2 18. Bxe2 cxd4 19. Rxc8 Qxc8 20. Bxb4 e5 21. Ba3 Qc6
22. Qd3 Rb8 23. Rd1 Nd5 24. Qc4 Qxc4 25. Bxc4 N5b6 26. Ba2 Rc8 27. f4 exf4 28.
Rxd4 Rc1+ 29. Kf2 Ne5 30. h4 Nbd7 31. Bb3 h6 32. h5 Nf6 33. Ke2 Rg1 34. Rxf4
Rxg2+ 35. Kd1 Rg3 36. Ba4 Rd3+ 37. Kc2 Rd5 38. Rf5 Rd4 39. Rxe5 Rxa4 40. Bc5 Kh7
41. b4 Nd7 42. Re7 Nxc5 43. bxc5 Rc4+ 44. Kd3 Rxc5 45. d7 Rd5+ 46. Kc4 Rd1 47.
Rxf7 1-0

[Event "20th European Teams"]
[Site "Reykjavik ISL"]
[Date "2015.11.13"]
[Round "1.17"]
[Board "3"]
[White "Morrison, Graham SCO"]
[Black "Pantsulaia, Levan"]
[Result "0-1"]
[WhiteTitle "FM"]
[BlackTitle "GM"]
[WhiteElo "2323"]
[BlackElo "2567"]
[WhiteTeam "Scotland"]
[BlackTeam "Georgia"]
[WhiteFideId "2400090"]
[BlackFideId "13602071"]
[EventDate "2015.11.13"]

1. d4 Nf6 2. c4 c5 3. d5 e6 4. Nc3 exd5 5. cxd5 d6 6. Nf3 g6 7. Nd2 Nbd7 8. e4
Bg7 9. Be2 O-O 10. O-O Re8 11. a4 a6 12. Ra3 b6 13. Qc2 Rb8 14. Re1 Qc7 15. Nd1
b5 16. axb5 axb5 17. b4 Qb6 18. Rb3 c4 19. Ra3 Ne5 20. Ne3 Nfg4 21. Ndf1 Bd7 22.
Nxg4 Bxg4 23. Be3 Qd8 24. f3 Bd7 25. f4 Ng4 26. Bxg4 Bxg4 27. f5 gxf5 28. h3 f4
29. Bxf4 Bh5 30. Qf2 Bg6 31. Ng3 Qf6 32. Ra6 Qc3 33. h4 h5 34. Rxd6 Ra8 35. e5
Qxb4 36. Kh2 c3 37. e6 c2 38. Rd7 Qd4 39. Qf3 Qf6 40. Bg5 Qxf3 41. gxf3 fxe6 42.
d6 b4 43. Ne4 Bxe4 44. Rxe4 b3 45. Rxg7+ Kxg7 46. Bc1 e5 0-1

[Event "20th European Teams"]
[Site "Reykjavik ISL"]
[Date "2015.11.13"]
[Round "1.17"]
[Board "4"]
[White "Paichadze, Luka"]
[Black "Muir, Andrew J"]
[Result "1-0"]
[WhiteTitle "GM"]
[BlackTitle "IM"]
[WhiteElo "2573"]
[BlackElo "2313"]
[WhiteTeam "Georgia"]
[BlackTeam "Scotland"]
[WhiteFideId "13602934"]
[BlackFideId "2400138"]
[EventDate "2015.11.13"]

1. e4 c5 2. b3 d6 3. Bb2 Nf6 4. Bb5+ Bd7 5. Bxd7+ Nbxd7 6. d3 g6 7. c4 Bg7 8.
Ne2 O-O 9. O-O e5 10. Nbc3 Nh5 11. Nd5 Ndf6 12. Ne3 Qd7 13. f3 Bh6 14. Bc1 Nf4
15. Nxf4 Bxf4 16. Qe1 Bh6 17. Qh4 Bg7 18. Bb2 Nh5 19. Nd5 Qd8 20. Qf2 Nf6 21. f4
Nxd5 22. exd5 exf4 23. Bxg7 Kxg7 24. Qxf4 Qd7 25. d4 b6 26. a3 a5 27. Qd2 Rfe8
28. Rae1 Qg4 29. dxc5 bxc5 30. Qc3+ Qd4+ 31. Qxd4+ cxd4 32. Rd1 a4 33. b4 Re3
34. Rf3 Rae8 35. c5 dxc5 36. bxc5 Re1+ 37. Rf1 R1e4 38. c6 Rc8 39. Rfe1 Rxe1+
40. Rxe1 Kf6 41. Kf2 d3 42. Re3 d2 43. Ke2 Rd8 44. Rd3 Ke7 45. c7 Rc8 46. d6+
Kd7 47. Kxd2 f5 48. Kc3 Re8 49. Kb4 Re4+ 50. Kb5 Re5+ 51. Kb6 Re2 52. Rc3 1-0

[Event "20th European Teams"]
[Site "Reykjavik ISL"]
[Date "2015.11.13"]
[Round "1.18"]
[Board "1"]
[White "Papaioannou, Ioannis"]
[Black "Saraci, Nderim"]
[Result "1-0"]
[WhiteTitle "GM"]
[WhiteElo "2638"]
[BlackElo "2215"]
[WhiteTeam "Greece"]
[BlackTeam "Kosovo"]
[WhiteFideId "4201345"]
[BlackFideId "6351921"]
[EventDate "2015.11.13"]

1. d4 d5 2. c4 e6 3. Nf3 Nf6 4. g3 Be7 5. Bg2 O-O 6. O-O dxc4 7. Qc2 a6 8. a4
Bd7 9. Qxc4 Bc6 10. Bg5 Nbd7 11. Nc3 Rc8 12. b4 Nb6 13. Qb3 Bxf3 14. Bxf3 Qxd4
15. Bxb7 Rb8 16. Bxa6 Qxb4 17. Qxb4 Bxb4 18. Bxf6 gxf6 19. Rfc1 Ra8 20. Bb5 f5
21. Nd1 c5 22. Ne3 Ra5 23. Nc4 Nxc4 24. Rxc4 Rd8 25. Kg2 Kg7 26. e3 Rd2 27. h3
h6 28. Kf3 Kf6 29. g4 fxg4+ 30. Rxg4 Rd5 31. Rg8 Ra7 32. Rc8 Rh5 33. Rh1 Rf5+
34. Ke2 Rd5 35. Rg1 Rg5 36. Rh1 Rd5 37. h4 Rd2+ 38. Kf3 Rd5 39. Rg1 Bc3 40. Rg4
h5 41. Rg5 Bb4 42. Rcg8 Rc7 43. Bc4 Rd2 44. Rxh5 Rc2 45. Rg4 Be1 46. Rf4+ Ke7
47. Be2 c4 48. Rxf7+ Kxf7 49. Rh7+ Kf6 50. Rxc7 c3 51. a5 Ra2 52. a6 c2 53. Bd3
Ra3 54. Ke2 Bxf2 55. Kxf2 Rxd3 56. Rxc2 Ra3 57. Rc6 Ra4 58. h5 Kg5 59. Rxe6 Kxh5
60. e4 Ra3 61. Ke2 Kg4 62. Kd2 Kf4 63. Kc2 1-0

[Event "20th European Teams"]
[Site "Reykjavik ISL"]
[Date "2015.11.13"]
[Round "1.18"]
[Board "2"]
[White "Ermeni, Avni"]
[Black "Banikas, Hristos"]
[Result "0-1"]
[WhiteTitle "FM"]
[BlackTitle "GM"]
[WhiteElo "2285"]
[BlackElo "2609"]
[WhiteTeam "Kosovo"]
[BlackTeam "Greece"]
[WhiteFideId "912840"]
[BlackFideId "4202031"]
[EventDate "2015.11.13"]

1. d4 Nf6 2. Nf3 g6 3. c4 Bg7 4. g3 O-O 5. Bg2 d6 6. O-O Nc6 7. Nc3 a6 8. h3 Bd7
9. e4 Rb8 10. e5 Ne8 11. Re1 b5 12. cxb5 axb5 13. Nd5 dxe5 14. Nxe5 e6 15. Nf4
Ne7 16. Bd2 Nf6 17. Bb4 Re8 18. Qf3 Nf5 19. Rad1 c6 20. Nxc6 Bxc6 21. Qxc6 Nxd4
22. Qc5 e5 23. Nd3 Rc8 24. Qa7 Rc7 25. Qa6 Rd7 26. Rc1 Nd5 27. Bc5 Re6 28. Qa3
e4 29. Bxd4 Bxd4 30. Rxe4 Rxe4 31. Bxe4 Nf6 32. Bc6 Rc7 33. Bxb5 Rxc1+ 34. Nxc1
Qb6 35. Qd3 Bxf2+ 36. Kg2 Nh5 37. Qf3 Bxg3 38. Bc4 Qxb2+ 39. Ne2 Bf4 40. a4 Qe5
41. Qb7 Qf5 42. a5 Bd6 43. a6 Bc5 44. Qf3 Qg5+ 45. Kf1 Qe7 46. Nc3 Kg7 47. Nd5
Qe5 48. Kg2 Qg5+ 49. Qg4 Qc1 50. Kh2 f5 0-1

[Event "20th European Teams"]
[Site "Reykjavik ISL"]
[Date "2015.11.13"]
[Round "1.18"]
[Board "3"]
[White "Mastrovasilis, Dimitrios"]
[Black "Makolli, Perparim"]
[Result "1/2-1/2"]
[WhiteTitle "GM"]
[WhiteElo "2615"]
[BlackElo "2223"]
[WhiteTeam "Greece"]
[BlackTeam "Kosovo"]
[WhiteFideId "4202694"]
[BlackFideId "908630"]
[EventDate "2015.11.13"]

1. e4 c5 2. Nf3 e6 3. d4 cxd4 4. Nxd4 Nc6 5. Nc3 a6 6. Nxc6 bxc6 7. e5 Ne7 8.
Bd3 Nd5 9. Ne4 f5 10. exf6 Nxf6 11. Bg5 Qa5+ 12. Bd2 Bb4 13. c3 Be7 14. O-O Nxe4
15. Bxe4 O-O 16. c4 Qc5 17. Rc1 a5 18. Rc3 Bf6 19. Be3 Qe7 20. Rc2 d5 21. cxd5
exd5 22. Bd3 Qd7 23. Bc5 Rf7 24. Qe2 Qe6 25. Qh5 g6 26. Qh6 Bg7 27. Qh4 Bd7 28.
h3 Qf6 29. Qg3 Bf8 30. b3 Bxc5 31. Rxc5 Qd4 32. Rc2 a4 33. Re2 axb3 34. axb3 c5
35. Rfe1 c4 36. bxc4 dxc4 37. Bc2 Raf8 38. Rd1 Qc5 39. Be4 Bc6 40. Bc2 Bd7 41.
Rde1 Qd4 42. Kh2 Bf5 43. Rd1 Qb2 44. Rb1 Qd4 45. Bxf5 Rxf5 46. f3 Qd3 47. Qe1 c3
48. Rc1 Rc5 49. Rcc2 Rc7 50. Qg3 Rc5 51. Qf2 Qd6+ 52. Qg3 Qd3 53. Qf2 Qd6+ 54.
Kg1 Rfc8 55. Qe3 Rc4 56. Kf2 Qc5 57. Qxc5 R4xc5 58. Re7 R5c6 59. Ke3 Rd6 60. Ke2
Rdc6 61. Rd7 Re6+ 62. Kd1 Ra6 63. Rd3 Rac6 64. Ra2 R6c7 65. Re3 Kf7 66. Kc2 Rd7
67. Rxc3 Re8 68. Rd3 Rc7+ 69. Kd1 Rce7 70. Rad2 Re1+ 71. Kc2 h5 72. Rd6 Rc8+ 73.
Kd3 Ra8 74. Rd4 Ra3+ 75. Kc2 Ra2+ 76. Kc3 Rc1+ 77. Kb3 Ra7 78. Kb2 Rcc7 79. R4d3
Rab7+ 80. Rb3 Rxb3+ 81. Kxb3 Ke6 82. Rc2 Rb7+ 83. Kc3 Ke5 84. Kd3 Kf4 85. Rc6 g5
86. Rc5 Rb2 87. g3+ Kxg3 88. Rxg5+ Kxf3 89. Rxh5 Kg3 90. Ke3 Rb3+ 91. Ke2 Rb2+
92. Kd3 Rb8 93. Rh6 Re8 94. Kd4 Re7 95. Rh8 Re1 96. h4 Kg4 97. Kd5 Re2 98. Rh6
Rh2 99. Rg6+ Kxh4 100. Rh6+ Kg3 101. Rxh2 Kxh2 102. Kd4 1/2-1/2

[Event "20th European Teams"]
[Site "Reykjavik ISL"]
[Date "2015.11.13"]
[Round "1.18"]
[Board "4"]
[White "Sadiku, Bedri"]
[Black "Mastrovasilis, Athanasios"]
[Result "1-0"]
[WhiteTitle "IM"]
[BlackTitle "GM"]
[WhiteElo "2197"]
[BlackElo "2544"]
[WhiteTeam "Kosovo"]
[BlackTeam "Greece"]
[WhiteFideId "915998"]
[BlackFideId "4201990"]
[EventDate "2015.11.13"]

1. d4 Nf6 2. g3 d5 3. Bg2 c6 4. Nd2 Bf5 5. Ngf3 h6 6. O-O e6 7. b3 Nbd7 8. Bb2
Bd6 9. c4 Qb8 10. a4 a5 11. Qc1 O-O 12. Ba3 Re8 13. Qc3 Bxa3 14. Rxa3 e5 15.
dxe5 Nxe5 16. Nxe5 Qxe5 17. Qxe5 Rxe5 18. e3 Bg6 19. Raa1 dxc4 20. Nxc4 Rc5 21.
Rfc1 Rd8 22. Bf1 Bh5 23. Bg2 Nd5 24. h3 Nb4 25. g4 Bg6 26. e4 Rd3 27. Rab1 f6
28. Rd1 Bf7 29. Bf1 Bxc4 30. bxc4 Rxd1 31. Rxd1 Re5 32. Rd7 Rxe4 33. Rxb7 g5 34.
Ra7 Re5 35. Rc7 Kf8 36. Kg2 Re7 37. Rc8+ Re8 38. Rc7 Re7 39. Rc8+ Kg7 40. Ra8
Re5 41. Kg3 Kf7 42. f4 gxf4+ 43. Kxf4 Re1 44. Bg2 Nd3+ 45. Kg3 Re3+ 46. Kh2 Re2
47. Kg3 Re3+ 48. Kh2 Nf4 49. Bxc6 Rxh3+ 50. Kg1 Rc3 51. Bb5 Rc2 52. Rxa5 Ke6 53.
Ra8 Ke5 54. Re8+ Kd4 55. a5 Ra2 56. a6 Nd3 57. Rd8+ Ke3 58. Rxd3+ Kxd3 59. c5+
Kd4 60. c6 Kc5 61. c7 Kxb5 62. c8=Q Rxa6 63. Kf2 Rc6 64. Qf8 Kc4 65. Qxh6 Kd5
66. Qe3 Re6 67. Qd3+ Kc6 68. Kf3 Rd6 69. Qc4+ Kd7 70. Qf7+ Kc6 71. Kf4 Rd4+ 72.
Kf5 Rd6 73. Qxf6 Rxf6+ 74. Kxf6 1-0